| 000 -LEADER |
| fixed length control field |
00469pam a2200145 a 4500 |
| 020 ## - INTERNATIONAL STANDARD BOOK NUMBER |
| ISBN |
0962813753 (pbk.) : |
| 040 ## - CATALOGING SOURCE |
| Transcribing agency |
DLC |
| 082 00 - DEWEY DECIMAL CLASSIFICATION NUMBER |
| Classification number |
915 STO 1992 A104 Or. |
| 100 1# - MAIN ENTRY--AUTHOR NAME |
| Personal name |
Northup, Charles H., |
| 245 14 - TITLE STATEMENT |
| Title |
The Japan vacation planner : |
| Remainder of title |
how to be your own tour guide, spend less, enjoy more, and go anywhere you want / |
| 260 ## - PUBLICATION, DISTRIBUTION, ETC. (IMPRINT) |
| Place of publication |
Berkeley, Calif. : |
| Name of publisher |
Stone Bridge Press, |
| Year of publication |
1992. |
| 300 ## - PHYSICAL DESCRIPTION |
| Number of Pages |
168 p. : |
| Other physical details |
ill. ; |
| Dimensions |
24 cm. |
| 500 ## - GENERAL NOTE |
| General note |
Includes index. |
| 942 ## - ADDED ENTRY ELEMENTS (KOHA) |
| Koha item type |
សៀវភៅភាសាអង់គ្លេស |
| 952 ## - LOCATION AND ITEM INFORMATION (KOHA) |
| Withdrawn status [LOCAL, KOHA] |
0 |
| 952 ## - LOCATION AND ITEM INFORMATION (KOHA) |
| Withdrawn status [LOCAL, KOHA] |
0 |